कोख का दर्द / (Record no. 14935)

MARC details
000 -LEADER
fixed length control field 01145nam a22002537a 4500
005 - DATE AND TIME OF LATEST TRANSACTION
control field 20080820102532.0
008 - FIXED-LENGTH DATA ELEMENTS--GENERAL INFORMATION
fixed length control field 080820t xxu||||| |||| 00| j hin d
010 ## - LIBRARY OF CONGRESS CONTROL NUMBER
LC control number HIN-83994
020 ## - INTERNATIONAL STANDARD BOOK NUMBER
Terms of availability 100.00
International Standard Book Number 818838142x
035 ## - SYSTEM CONTROL NUMBER
System control number HN-56340
037 ## - SOURCE OF ACQUISITION
Stock number DBAD / PUB
040 ## - CATALOGING SOURCE
Original cataloging agency DPL
Language of cataloging HN
082 ## - DEWEY DECIMAL CLASSIFICATION NUMBER
Classification number
100 ## - MAIN ENTRY--PERSONAL NAME
Personal name भगवान देव 'चैतन्य'
245 ## - TITLE STATEMENT
Title कोख का दर्द /
Statement of responsibility, etc भगवान देव 'चैतन्य'
246 ## - VARYING FORM OF TITLE
Title proper/short title Khokha kaa Darda
Remainder of title by Aacharya Bhagwan Dev ' Chaitanya'
260 ## - PUBLICATION, DISTRIBUTION, ETC. (IMPRINT)
Place of publication, distribution, etc दिल्ली
Name of publisher, distributor, etc नीरज बुक सेंटर
Date of publication, distribution, etc 2008
270 ## - ADDRESS
Address सी-32, आर्यानगर सोसायटी, प्लाट नं.91, पटपड़गंज
City दिल्ली
Postal code 110092
Telephone number 22722155
300 ## - PHYSICAL DESCRIPTION
Extent 79पृ
Dimensions 22सेमी (सजिल्द)
650 ## - SUBJECT ADDED ENTRY--TOPICAL TERM
Topical term or geographic name as entry element लघुकथायें, हिन्दी
650 ## - SUBJECT ADDED ENTRY--TOPICAL TERM
Topical term or geographic name as entry element Short stories, Hindi
942 ## - ADDED ENTRY ELEMENTS (KOHA)
Source of classification or shelving scheme Dewey Decimal Classification
Koha item type Hindi Books
Call number prefix
Call number suffix भगवा
Holdings
Withdrawn status Lost status Damaged status Not for loan Collection code Home library Current library Date acquired Source of acquisition Cost, normal purchase price Total Checkouts Full call number Barcode Date last seen Copy number Cost, replacement price Price effective from Koha item type
      Not For Loan Fiction D.B.Act.Division D.B.Act.Division 20/08/2008 DBAD / PUB 100.00   क भगवा HN-56340 15/09/2008 1 100.00 15/09/2008 Hindi Books

© Delhi Public Library
Hit Counter
free hit counter